Eat your colors / (Record no. 2895)

MARC details
000 -LEADER
fixed length control field 00705nam a22002537a 4500
001 - CONTROL NUMBER
control field 2895
003 - CONTROL NUMBER IDENTIFIER
control field FISKH
005 - DATE AND TIME OF LATEST TRANSACTION
control field 20240122152310.0
008 - FIXED-LENGTH DATA ELEMENTS--GENERAL INFORMATION
fixed length control field 240122b cb ||||| |||| 00| 0 eng d
020 ## - INTERNATIONAL STANDARD BOOK NUMBER
International Standard Book Number 9780545012348
040 ## - CATALOGING SOURCE
Original cataloging agency FISKH
Language of cataloging eng
Transcribing agency FISKH
Modifying agency FISKH
050 ## - LIBRARY OF CONGRESS CALL NUMBER
Classification number 616.0
100 ## - MAIN ENTRY--PERSONAL NAME
Personal name Evans, Lynette
245 ## - TITLE STATEMENT
Title Eat your colors /
Statement of responsibility, etc. by Evans, Lynette
300 ## - PHYSICAL DESCRIPTION
Extent 24 pages :
Other physical details color illustrations ;
Dimensions 20 cm .
505 ## - FORMATTED CONTENTS NOTE
Formatted contents note E <br/>
520 ## - SUMMARY, ETC.
Summary, etc. It is good to eat fruits and vegetable .
521 8# - TARGET AUDIENCE NOTE
Target audience note 240 <br/>
Source Lexile <br/>
521 8# - TARGET AUDIENCE NOTE
Target audience note E <br/>
Source Raz-Plus <br/>
600 ## - SUBJECT ADDED ENTRY--PERSONAL NAME
Source of heading or term colors
Form subdivision non-fiction
610 ## - SUBJECT ADDED ENTRY--CORPORATE NAME
Source of heading or term vegetables
Form subdivision color book
700 ## - ADDED ENTRY--PERSONAL NAME
Personal name Alexander, Matthew
Relator term Designer
942 ## - ADDED ENTRY ELEMENTS (KOHA)
Source of classification or shelving scheme Dewey Decimal Classification
Koha item type Books
Suppress in OPAC No
Holdings
Withdrawn status Lost status Source of classification or shelving scheme Damaged status Not for loan Collection Home library Current library Shelving location Date acquired Total Checkouts Full call number Barcode Date last seen Date last checked out Price effective from Koha item type
    Dewey Decimal Classification     Non-Fiction Footprints International School Library Network Toul Kork Campus Footprints International School Library Network Toul Kork Campus   01/22/2024 3 EVA 610.0 FISBK05378 09/08/2025 08/14/2025 01/22/2024 Books